| Tag |
First Indicator |
Second Indicator |
Subfields |
| LEADER |
00000cam a22000008a 4500 |
| 001 |
in00001404770 |
| 005 |
20151020062114.0 |
| 008 |
971002s1997 enka b 101 0 eng |
| 010 |
|
|
|a 97042270
|
| 015 |
|
|
|a GB98-16336
|
| 019 |
|
|
|a 38551151
|
| 020 |
|
|
|a 0521587417 (pbk.)
|
| 035 |
|
|
|a (OCoLC)37820022
|
| 035 |
|
|
|9 AHP0738AM
|
| 040 |
|
|
|a DLC
|c DLC
|d XBM
|d IOG
|d UKM
|d TXA
|d UtOrBLW
|
| 049 |
|
|
|a TXAM
|
| 050 |
0 |
0 |
|a P106
|b .T495 1997
|
| 082 |
0 |
0 |
|a 401
|2 21
|
| 245 |
0 |
0 |
|a Thought and language /
|c edited by John Preston.
|
| 264 |
|
1 |
|a Cambridge ;
|a New York :
|b Cambridge University Press,
|c 1997.
|
| 300 |
|
|
|a vi, 249 pages :
|b illustrations ;
|c 24 cm.
|
| 336 |
|
|
|a text
|b txt
|2 rdacontent
|
| 337 |
|
|
|a unmediated
|b n
|2 rdamedia
|
| 338 |
|
|
|a volume
|b nc
|2 rdacarrier
|
| 490 |
1 |
|
|a Royal Institute of Philosophy supplement,
|x 1358-2461 ;
|v 42
|
| 500 |
|
|
|a Papers presented to the annual conference of the Royal Institute of Philosophy, University of Reading, Sept. 1996.
|
| 504 |
|
|
|a Includes bibliographical references and index.
|
| 505 |
0 |
0 |
|t Introduction : thought as language /
|r John Preston --
|t Seeing through language /
|r Donald Davidson --
|t "The only sure sign ..." : thought and language in Descartes /
|r John Cottingham --
|t Words and pictures /
|r John Hyman --
|t Social externalism and conceptual diversity /
|r Andrew Woodfield --
|t Explanation of cognition /
|r John P. Searle --
|t Thought without language : thought without awareness? /
|r L. Wieskrantz --
|t Philosophy, thought and language /
|r Hans-Johann Glock --
|t Flowering of thought in language /
|r W.V. Quine --
|t Talking to cats, rats and bats /
|t K.V. Wilkes --
|t Analyticity, linguistic rules and epistemic evaluation /
|r Christopher Hookway --
|t How to do other things with words /
|r Daniel C. Dennett.
|
| 650 |
|
0 |
|a Language and languages
|x Philosophy
|v Congresses.
|
| 650 |
|
0 |
|a Thought and thinking
|v Congresses.
|
| 700 |
1 |
|
|a Preston, John,
|d 1957-
|
| 830 |
|
0 |
|a Royal Institute of Philosophy supplement.
|x 1358-2461 ;
|v 42.
|
| 948 |
|
|
|a c:blr
|
| 999 |
|
|
|a MARS
|
| 999 |
f |
f |
|s 2a653c66-7e6c-3972-9200-25cd91c2413e
|i 261675e3-eb5c-3d8b-b050-b95176695c97
|t 0
|
| 952 |
f |
f |
|p ric
|a Texas A&M University
|b Rellis Campus
|c Joint Library Facility
|s JLF
|d Remote Storage
|t 0
|e P106 .T495 1997
|h Library of Congress classification
|i unmediated -- volume
|m A14822399600
|
| 998 |
f |
f |
|a P106 .T495 1997
|t 0
|l Remote Storage
|